[Event "Walsrode Chessemy op-A"]
[Site "Walsrode"]
[Date "2023.03.05"]
[Round "2"]
[White "Althoff, Ralph"]
[Black "Hilbenz, Guntram"]
[Result "1-0"]
[WhiteElo "1974"]
[BlackElo "1791"]
[PlyCount "148"]
[EventDate "2023.03.04"]
[EventType "swiss"]
[EventRounds "9"]
[EventCountry "GER"]
[SourceTitle "CBM 213 Extra"]
[Source "ChessBase"]
[SourceDate "2023.05.31"]
[SourceVersion "1"]
[SourceVersionDate "2023.05.31"]
[SourceQuality "1"]

1. d4 d5 2. Bf4 c6 3. e3 Qb6 4. b3 Bf5 5. Bd3 Bxd3 6. Qxd3 Nf6 7. Nf3 Nbd7 8. 0-0 e6 9. Nbd2 Be7 10. c4 Qa6 11. a3 0-0 12. Rfe1 Rfe8 13. b4 b5 14. c5 Qb7 15. h3 a5 16. Reb1 axb4 17. axb4 Rxa1 18. Rxa1 Ra8 19. Qc3 Ne4 20. Qb2 Ra4 21. Rxa4 bxa4 22. Nxe4 dxe4 23. Nd2 Nf6 24. Bd6 Bd8 25. Qc2 Qxb4 26. Nxe4 Nd5 27. Nd2 Ba5 28. Nc4 Qb3 29. Qc1 Qc3 30. Qb1 Qe1+ 31. Qxe1 Bxe1 32. e4 Nb4 33. Bf4 Kf8 34. Kf1 Bc3 35. Be3 Ke7 36. Ke2 f6 37. Kd1 e5 38. dxe5 fxe5 39. f3 Ke6 40. Bc1 Bd4 41. Nb6 Bxc5 42. Nxa4 Bd4 43. Ke2 h5 44. Kd2 Na6 45. Ba3 g6 46. Kd3 Bf2 47. Kc4 Be3 48. Bf8 Kf7 49. Bc5 Bg5 50. Nb2 Ke6 51. Nd3 Bd8 52. Bf8 Bc7 53. Bg7 Bd6 54. Bh6 Bc7 55. Be3 Bd6 56. Bb6 Bb8 57. Kb3 Bd6 58. Ka4 Nb8 59. Ka5 Nd7 60. Be3 Nf6 61. Kb6 Kd7 62. Bd2 Bc7+ 63. Kb7 Bd6 64. Bc3 Ke6 65. Kxc6 h4 66. Be1 g5 67. Bd2 Nh7 68. Be3 Be7 69. Bc1 Nf8 70. Bd2 Ng6 71. Be3 Nf4 72. Bxf4 gxf4 73. Nc5+ Kf6 74. Kd5 Bd8 1-0

[Event "Wroclaw op-A"]
[Site "Wroclaw"]
[Date "2021.08.03"]
[Round "4"]
[White "Althoff, Ralph"]
[Black "Krawiec, Grzegorz"]
[Result "1-0"]
[WhiteElo "2041"]
[BlackElo "1836"]
[PlyCount "79"]
[EventDate "2021.08.01"]
[EventType "swiss"]
[EventRounds "9"]
[EventCountry "POL"]
[SourceTitle "CBM 203 Extra"]
[Source "ChessBase"]
[SourceDate "2021.09.30"]
[SourceVersion "1"]
[SourceVersionDate "2021.09.30"]
[SourceQuality "1"]

1. d4 Nf6 2. Nf3 e6 3. Bf4 d5 4. e3 Bd6 5. Bg3 b6 6. c3 0-0 7. Nbd2 c5 8. Ne5 Ba6 9. Bxa6 Nxa6 10. Bh4 Nb8 11. f4 Be7 12. Bf2 Nfd7 13. 0-0 f6 14. Nd3 c4 15. Ne1 b5 16. a4 b4 17. f5 e5 18. e4 exd4 19. exd5 dxc3 20. bxc3 Ne5 21. Ne4 Bd6 22. cxb4 Bxb4 23. d6 Nbd7 24. Qd5+ Kh8 25. a5 Bxe1 26. Bxe1 a6 27. Rb1 Nd3 28. Bc3 Rc8 29. Rb7 N7c5 30. Nxc5 Rxc5 31. Qe6 Rc6 32. Rd7 Qe8 33. Rb1 Nf4 34. Qxe8 Rxe8 35. Re7 Rg8 36. d7 Rd6 37. Re8 Rxd7 38. Rbb8 Ne2+ 39. Kf2 Nxc3 40. Rxg8# 1-0

[Event "Wroclaw op-A"]
[Site "Wroclaw"]
[Date "2021.08.01"]
[Round "2"]
[White "Althoff, Ralph"]
[Black "Kejna, Piotr"]
[Result "1/2-1/2"]
[WhiteElo "2041"]
[BlackElo "1722"]
[PlyCount "116"]
[EventDate "2021.08.01"]
[EventType "swiss"]
[EventRounds "9"]
[EventCountry "POL"]
[SourceTitle "CBM 203 Extra"]
[Source "ChessBase"]
[SourceDate "2021.09.30"]
[SourceVersion "1"]
[SourceVersionDate "2021.09.30"]
[SourceQuality "1"]

1. d4 Nf6 2. Nf3 g6 3. g3 Bg7 4. Bg2 d6 5. 0-0 0-0 6. b3 Nbd7 7. c4 c5 8. Bb2 cxd4 9. Nxd4 a5 10. Nc3 Nc5 11. a3 Qb6 12. Ndb5 Be6 13. b4 axb4 14. axb4 Rxa1 15. Bxa1 Ncd7 16. Bd5 Rc8 17. Bxe6 fxe6 18. Qb3 Ng4 19. c5 dxc5 20. Nd5 Qd8 21. Ndc7 Bxa1 22. Qxe6+ Kh8 23. Rxa1 Ngf6 24. bxc5 Nxc5 25. Qe5 Nce4 26. f3 Nd6 27. Ne6 Qb6+ 28. Nbd4 Nf5 29. g4 Nxd4 30. Nxd4 Rd8 31. Rd1 Qd6 32. Qxd6 Rxd6 33. Rd2 e5 34. Nb3 Rxd2 35. Nxd2 Kg7 36. Nc4 Nd7 37. g5 h6 38. h4 hxg5 39. hxg5 b5 40. Nd6 b4 41. Kf2 b3 42. Nc4 Nc5 43. Ke3 Ne6 44. Ke4 Nxg5+ 45. Kxe5 Kf7 46. Nb2 Ne6 47. e3 Ng5 48. f4 Nf3+ 49. Ke4 Nd2+ 50. Kd3 Nf1 51. e4 Kf6 52. Nc4 Ng3 53. Ke3 g5 54. e5+ Ke6 55. fxg5 b2 56. Nxb2 Kxe5 57. Kf3 Kf5 58. Kxg3 Kxg5 1/2-1/2

[Event "Gelsenkirchen Koenigsspringer op"]
[Site "Gelsenkirchen"]
[Date "2019.12.28"]
[Round "4"]
[White "Quast, Marcel"]
[Black "Althoff, Ralph"]
[Result "1-0"]
[WhiteElo "2209"]
[BlackElo "2005"]
[PlyCount "59"]
[EventDate "2019.12.27"]
[EventType "swiss"]
[EventRounds "7"]
[EventCountry "GER"]
[SourceTitle "CBM 194 Extra"]
[Source "ChessBase"]
[SourceDate "2020.03.31"]
[SourceVersion "1"]
[SourceVersionDate "2020.03.31"]
[SourceQuality "1"]

1. e4 c5 2. d4 cxd4 3. c3 d3 4. Bxd3 Nc6 5. Nf3 d6 6. h3 g6 7. 0-0 Bg7 8. c4 Nf6 9. Nc3 0-0 10. Be3 Be6 11. Rc1 h6 12. b3 Nd7 13. Bb1 Qa5 14. Nd4 Nxd4 15. Bxd4 Rfc8 16. Bxg7 Kxg7 17. f4 f5 18. Nd5 Qd8 19. Qd4+ Kf7 20. Rce1 Qh8 21. Qxh8 Rxh8 22. exf5 Bxd5 23. fxg6+ Ke8 24. cxd5 Nf6 25. Bf5 Rg8 26. Rc1 Rg7 27. Rfd1 Nh5 28. Rc4 b5 29. Rcd4 Ng3 30. Bd3 1-0

[Event "Muenster op 36th"]
[Site "Muenster"]
[Date "2018.10.16"]
[Round "6"]
[White "Koellner, Christoph"]
[Black "Althoff, Ralph"]
[Result "1/2-1/2"]
[WhiteElo "2107"]
[BlackElo "2038"]
[PlyCount "114"]
[EventDate "2018.10.12"]
[EventType "swiss"]
[EventRounds "9"]
[EventCountry "GER"]
[SourceTitle "CBM 187 Extra"]
[Source "ChessBase"]
[SourceDate "2018.11.04"]
[SourceVersion "1"]
[SourceVersionDate "2018.11.04"]
[SourceQuality "1"]

1. d4 d5 2. c4 e6 3. Nc3 Nf6 4. cxd5 exd5 5. Bg5 c6 6. e3 Be7 7. Qc2 Nbd7 8. Bd3 h6 9. Bh4 Nh5 10. Bxe7 Qxe7 11. Nge2 Nb6 12. 0-0-0 Bd7 13. Kb1 0-0-0 14. Nc1 g6 15. h3 Kb8 16. Nb3 Ng7 17. Nc5 Bf5 18. Ka1 Qg5 19. g3 Rhe8 20. b3 Bxd3 21. Nxd3 Qf5 22. Rc1 Nc8 23. Ne5 Nd6 24. Qxf5 Ngxf5 25. Kb2 Ne7 26. a4 f6 27. Nd3 g5 28. h4 Rh8 29. Rh2 Nef5 30. hxg5 fxg5 31. Rch1 Rhf8 32. g4 Nh4 33. f4 Ne4 34. Nxe4 dxe4 35. Nc5 Rfe8 36. f5 b6 37. Ne6 Rd7 38. Rc2 Kb7 39. b4 Rg8 40. Kb3 h5 41. Nxg5 Rxg5 42. Rxh4 hxg4 43. Rg2 c5 44. Rgxg4 Rxf5 45. Rxe4 cxb4 46. Kxb4 Rc7 47. Rhf4 a5+ 48. Kb3 Rh5 49. Rf2 Rh1 50. Re6 Rhc1 51. d5 R7c4 52. Kb2 Rd1 53. e4 Rxa4 54. Rc2 Rb4+ 55. Ka2 Ra4+ 56. Kb2 Rb4+ 57. Ka2 Ra4+ 1/2-1/2

[Event "Dortmund Sparkassen op-A 45th"]
[Site "Dortmund"]
[Date "2017.07.21"]
[Round "7"]
[White "Althoff, Ralph"]
[Black "Holtel, Jasper"]
[Result "0-1"]
[WhiteElo "2071"]
[BlackElo "2229"]
[PlyCount "66"]
[EventDate "2017.07.15"]
[EventType "swiss"]
[EventRounds "9"]
[EventCountry "GER"]
[SourceTitle "CBM 179 Extra"]
[Source "ChessBase"]
[SourceDate "2017.08.23"]
[SourceVersion "1"]
[SourceVersionDate "2017.08.23"]
[SourceQuality "1"]

1. e4 c5 2. Nf3 d6 3. d4 cxd4 4. Qxd4 Nf6 5. Bb5+ Bd7 6. c4 g6 7. Nc3 Bg7 8. 0-0 0-0 9. Qd3 a6 10. Bxd7 Nbxd7 11. Be3 Qa5 12. Bd4 Rfc8 13. Rfd1 Nc5 14. Qb1 Ncd7 15. Qd3 Qb4 16. b3 Qa5 17. Rab1 Qh5 18. a4 Ng4 19. Nd5 Bf8 20. h3 Nge5 21. Nxe5 dxe5 22. Bc3 e6 23. Ne3 Nc5 24. Qc2 a5 25. Ng4 Bg7 26. Rd6 Qg5 27. Rbd1 h5 28. Nh2 Qh4 29. f3 Qe7 30. Nf1 Qc7 31. Kh1 Bf8 32. R6d2 f6 33. f4 Bh6 0-1

[Event "Ruhrgebiet Verbandsklasse Gruppe 3 1617"]
[Site "Germany"]
[Date "2016.09.04"]
[Round "1.3"]
[White "Althoff, Ralph"]
[Black "Schwerdtfeger, Joachim"]
[Result "1-0"]
[WhiteElo "1926"]
[BlackElo "1880"]
[PlyCount "57"]
[EventDate "2016.09.04"]
[EventType "team-tourn"]
[EventRounds "9"]
[EventCountry "GER"]
[SourceTitle "EXT 2022"]
[Source "ChessBase"]
[SourceDate "2021.10.06"]
[SourceVersion "1"]
[SourceVersionDate "2021.10.06"]
[SourceQuality "1"]
[WhiteTeam "Brackel SF III"]
[BlackTeam "Oberhausen SW"]
[WhiteTeamCountry "GER"]
[BlackTeamCountry "GER"]

1. e4 e5 2. Nf3 Nc6 3. Bb5 a6 4. Ba4 Nf6 5. 0-0 Nxe4 6. d4 b5 7. Bb3 d5 8. dxe5 Be6 9. a4 b4 10. a5 Nc5 11. Nbd2 Be7 12. c3 bxc3 13. bxc3 0-0 14. Bc2 f6 15. Re1 fxe5 16. Nxe5 Nxe5 17. Rxe5 Bf7 18. Nf3 Bf6 19. Bg5 Nd7 20. Qd3 g6 21. Bxf6 Nxf6 22. Ng5 Re8 23. Rae1 Qd6 24. Nxf7 Kxf7 25. Rxe8 Rxe8 26. Rxe8 Kxe8 27. Bd1 Qa3 28. Qxa6 Qxc3 29. Qe6+ 1-0

[Event "Dortmund Sparkassen op-A 44th"]
[Site "Dortmund"]
[Date "2016.07.11"]
[Round "3"]
[White "Maniocha, Marek"]
[Black "Althoff, Ralph"]
[Result "0-1"]
[WhiteElo "1982"]
[BlackElo "2122"]
[PlyCount "108"]
[EventDate "2016.07.09"]
[EventType "swiss"]
[EventRounds "9"]
[EventCountry "GER"]
[SourceTitle "CBM 173 Extra"]
[Source "ChessBase"]
[SourceDate "2016.08.29"]
[SourceVersion "1"]
[SourceVersionDate "2016.08.29"]
[SourceQuality "1"]

1. e4 c5 2. Nf3 e6 3. d4 cxd4 4. Nxd4 Nf6 5. Bd3 Nc6 6. Be3 d5 7. Nxc6 bxc6 8. exd5 cxd5 9. 0-0 Bd6 10. Bb5+ Bd7 11. Bxd7+ Qxd7 12. Nd2 0-0 13. Bg5 Be5 14. c3 Ne8 15. Nf3 Bd6 16. Qd3 Rb8 17. b3 Nc7 18. Rfe1 Rfc8 19. Bh4 h6 20. Rad1 a5 21. Ne5 Bxe5 22. Rxe5 f6 23. Ree1 Qf7 24. f4 Rb6 25. Bf2 Rc6 26. Rc1 Ne8 27. Bd4 Nd6 28. Rc2 Nf5 29. Rec1 Qd7 30. g3 Qd6 31. Bf2 a4 32. g4 Ne7 33. Qd4 axb3 34. axb3 h5 35. h3 Rb8 36. Rb1 hxg4 37. hxg4 Rc4 38. bxc4 Rxb1+ 39. Kg2 e5 40. Qc5 Qd7 41. f5 Qb7 42. Kg3 d4 43. Re2 Rb3 44. Bxd4 exd4 45. Qxd4 Qc7+ 46. Kg2 Kf7 47. c5 Qc6+ 48. Kf2 Rb5 49. Qc4+ Kf8 50. Qa2 Qxc5+ 51. Re3 Qb6 52. Qa8+ Qb8 53. Qe4 Qh2+ 54. Ke1 Rb1+ 0-1

[Event "Munsterland op 33rd"]
[Site "Senden"]
[Date "2015.10.14"]
[Round "7"]
[White "Koellner, Christoph"]
[Black "Althoff, Ralph"]
[Result "0-1"]
[WhiteElo "2132"]
[BlackElo "2097"]
[PlyCount "103"]
[EventDate "2015.10.10"]
[EventType "swiss"]
[EventRounds "9"]
[EventCountry "GER"]
[SourceTitle "CBM 168 Extra"]
[Source "ChessBase"]
[SourceDate "2015.10.29"]
[SourceVersion "1"]
[SourceVersionDate "2015.10.29"]
[SourceQuality "1"]

1. d4 f5 2. Nc3 Nf6 3. Bg5 d5 4. Bxf6 exf6 5. e3 Be6 6. Qf3 Nc6 7. h4 h5 8. Bd3 g6 9. a3 Bh6 10. Nge2 Qd7 11. 0-0-0 0-0-0 12. Kb1 Kb8 13. Bb5 Qd6 14. Bxc6 Qxc6 15. Nf4 Bf7 16. Qe2 a6 17. Qd3 Rd6 18. g3 Rhd8 19. b4 Bf8 20. Kc1 Qe8 21. Nfe2 Rc6 22. Na4 a5 23. b5 Re6 24. Kd2 g5 25. Rb1 Bg6 26. Qb3 Bd6 27. Nac3 f4 28. gxf4 gxf4 29. Nxf4 Bxf4 30. exf4 Qd7 31. Na4 Qd6 32. Qg3 Re4 33. f5 Rxd4+ 34. Kc3 Rc4+ 35. Kb3 Bxf5 36. Rbc1 Qd7 37. Nc3 d4 38. Nd1 Qxb5+ 39. Ka2 d3 40. Ne3 d2 41. Rb1 Rxc2+ 42. Nxc2 Qc4+ 43. Qb3 Qxc2+ 44. Qxc2 Bxc2 45. Rbd1 Bxd1 46. Rxd1 b5 47. Kb2 Kb7 48. Kc2 c5 49. a4 b4 50. Kb3 Rd4 51. Kc2 Kc6 52. Rg1 0-1

[Event "Gelsenkirchen Silvester op 2nd"]
[Site "Gelsenkirchen"]
[Date "2014.12.28"]
[Round "4"]
[White "Althoff, Ralph"]
[Black "Raabe, Stefan"]
[Result "1-0"]
[WhiteElo "2095"]
[BlackElo "1997"]
[PlyCount "53"]
[EventDate "2014.12.27"]
[EventType "swiss"]
[EventRounds "5"]
[EventCountry "GER"]
[SourceTitle "EXT 2019"]
[Source "ChessBase"]
[SourceDate "2018.10.10"]
[SourceVersion "1"]
[SourceVersionDate "2018.10.10"]
[SourceQuality "1"]

1. e4 c5 2. Nf3 Nc6 3. Nc3 e5 4. Bc4 d6 5. h3 Be7 6. d3 Nf6 7. 0-0 0-0 8. a3 Bd7 9. Nh2 Qc8 10. f4 exf4 11. Bxf4 Be6 12. Nd5 Qd7 13. Nf3 h6 14. Qd2 Kh7 15. Rae1 Rae8 16. c3 Rg8 17. Bh2 a6 18. Ba2 b5 19. d4 c4 20. Nxf6+ gxf6 21. d5 Bxh3 22. dxc6 Rxg2+ 23. Qxg2 Qa7+ 24. Qf2 Rg8+ 25. Bg3 Rxg3+ 26. Kh1 Bg2+ 27. Kh2 1-0

[Event "Gelsenkirchen Silvester op 2nd"]
[Site "Gelsenkirchen"]
[Date "2014.12.27"]
[Round "2"]
[White "Althoff, Ralph"]
[Black "Pauls, Wilhelm"]
[Result "1/2-1/2"]
[WhiteElo "2095"]
[BlackElo "1923"]
[PlyCount "32"]
[EventDate "2014.12.27"]
[EventType "swiss"]
[EventRounds "5"]
[EventCountry "GER"]
[SourceTitle "EXT 2019"]
[Source "ChessBase"]
[SourceDate "2018.10.10"]
[SourceVersion "1"]
[SourceVersionDate "2018.10.10"]
[SourceQuality "1"]

1. e4 e5 2. Nf3 Nc6 3. Bb5 Bc5 4. c3 Nf6 5. 0-0 0-0 6. d4 Bb6 7. Bg5 h6 8. Bxf6 Qxf6 9. Bxc6 Qxc6 10. Nxe5 Qxe4 11. Re1 Qh4 12. Nd2 d6 13. Nef3 Qd8 14. Re3 Bf5 15. Qe2 Re8 16. Re1 Kf8 1/2-1/2

[Event "Muensterland Regionalliga 1415"]
[Site "Germany"]
[Date "2014.10.25"]
[Round "2.3"]
[White "Lemli, Thomas"]
[Black "Althoff, Ralph"]
[Result "0-1"]
[WhiteElo "1991"]
[BlackElo "1965"]
[PlyCount "76"]
[EventDate "2014.09.20"]
[EventType "team-tourn"]
[EventRounds "9"]
[EventCountry "GER"]
[SourceTitle "EXT 2016"]
[Source "ChessBase"]
[SourceDate "2015.10.08"]
[SourceVersion "1"]
[SourceVersionDate "2015.10.08"]
[SourceQuality "1"]
[WhiteTeam "Emsdetten Rochade"]
[BlackTeam "Olfen"]
[WhiteTeamCountry "GER"]
[BlackTeamCountry "GER"]

1. Nf3 f5 2. d4 Nf6 3. c4 g6 4. e3 Bg7 5. b4 0-0 6. Bb2 d6 7. Qb3 c6 8. Nbd2 Qe8 9. Be2 h6 10. 0-0 Nbd7 11. Rfd1 Kh7 12. Qc2 Nh5 13. c5 Ndf6 14. Nc4 Ne4 15. Nfd2 d5 16. Ne5 Nhf6 17. f3 Nxd2 18. Rxd2 Nd7 19. Nxd7 Bxd7 20. Qc3 g5 21. Bd3 Kh8 22. Re1 Qf7 23. Qc2 Rae8 24. e4 dxe4 25. fxe4 f4 26. Bc4 Qh5 27. d5 f3 28. Bxg7+ Kxg7 29. gxf3 Rxf3 30. Be2 Qh4 31. Bxf3 Qxe1+ 32. Kg2 Rf8 33. Qb2+ Kh7 34. Qd4 Bh3+ 35. Kxh3 Rxf3+ 36. Kg4 Rf4+ 37. Kh3 Qh4+ 38. Kg2 Qg4+ 0-1